Supplément aux principes de droit civil français de François Laurent / (Record no. 156262)
[ view plain ]
| 000 -LEADER | |
|---|---|
| campo de control de longitud fija | 01134nam a22002535i 4500 |
| 001 - NÚMERO DE CONTROL | |
| campo de control | 156262 |
| 003 - IDENTIFICADOR DE NÚMERO DE CONTROL | |
| campo de control | ES-MaACL |
| 005 - FECHA Y HORA DE LA ÚLTIMA TRANSACCIÓN | |
| campo de control | 20250807122722.0 |
| 008 - DATOS DE LONGITUD FIJA--INFORMACIÓN GENERAL | |
| campo de control de longitud fija | 040818m18981903sp |||| | spa d |
| 040 ## - FUENTE DE CATALOGACIÓN | |
| Centro catalogador/agencia de origen | CAM |
| Lengua de catalogación | spa |
| Centro/agencia transcriptor | CAM |
| 100 1# - ENTRADA PRINCIPAL--NOMBRE DE PERSONA | |
| Nombre de persona | Janssens, Raymond. |
| 9 (RLIN) | 128273 |
| 245 10 - MENCIÓN DEL TÍTULO | |
| Título | Supplément aux principes de droit civil français de François Laurent / |
| Mención de responsabilidad, etc. | par Raymond Janssens, Jean Servais [et] Paul Leclercq. |
| 260 ## - PUBLICACIÓN, DISTRIBUCIÓN, ETC. | |
| Lugar de publicación, distribución, etc. | Bruxelles : |
| Nombre del editor, distribuidor, etc. | Bruylant-Christophe & Cie. ; |
| Lugar de publicación, distribución, etc. | Paris : |
| Nombre del editor, distribuidor, etc. | libraire A. Marescq, Ainé, |
| Fecha de publicación, distribución, etc. | 1898-1903. |
| 300 ## - DESCRIPCIÓN FÍSICA | |
| Extensión | 8 v. ; |
| Dimensiones | 23 cm. |
| 594 ## - Nota al título y mención de responsabilidad | |
| Nota al título y mención de responsabilidad | El autor de los suplementos de los t. II-VIII es León Siville. |
| 597 ## - NOTA DE DESCRIPCIÓN FÍSICA | |
| NOTA DE DESCRIPCIÓN FÍSICA | T.I. 1898 (575 p.) -- T. II. 1901 (583 p.) -- T.III. 1902 (517 p.) -- T.IV. 1903 (531 p.) -- T.V. 1902 (505 p.) -- T.VI. 1903 (618 p.) -- T.VII. 1903 (555 p.) -- T.VIII. 1903 (508 p.) |
| 650 04 - PUNTO DE ACCESO ADICIONAL DE MATERIA--TÉRMINO DE MATERIA | |
| Término de materia o nombre geográfico como elemento de entrada | Derecho civil- |
| Subdivisión geográfica | Francia. |
| 9 (RLIN) | 11665 |
| 700 11 - ENTRADA AGREGADA--NOMBRE PERSONAL | |
| Nombre de persona | Servais, Jean. |
| 9 (RLIN) | 132684 |
| 700 11 - ENTRADA AGREGADA--NOMBRE PERSONAL | |
| Nombre de persona | Leclercq, Paul. |
| 9 (RLIN) | 128818 |
| 700 11 - ENTRADA AGREGADA--NOMBRE PERSONAL | |
| Nombre de persona | Siville, Léon. |
| 9 (RLIN) | 132778 |
| 700 1# - ENTRADA AGREGADA--NOMBRE PERSONAL | |
| Nombre de persona | Laurent, François, |
| Fechas asociadas al nombre | 1810-1887 |
| 9 (RLIN) | 128741 |
| 852 ## - LOCALIZACIÓN | |
| Ubicación | ES-MaACL |
| Número de control de estantería | F-14224-14231 |
| Nota libre | -- Enc. hol. |
| Estatus retirado | Estado de pérdida | Estado de daño | No para préstamo | Colección | Biblioteca de origen | Biblioteca actual | Ubicación en estantería | Fecha de adquisición | Fuente de adquisición | Total de préstamos | Signatura topográfica completa | Código de barras | Visto por última vez | Precio de reemplazo | Tipo de ítem Koha |
|---|---|---|---|---|---|---|---|---|---|---|---|---|---|---|---|
| Libros del s. XIX | Biblioteca del Ateneo de Madrid | Biblioteca del Ateneo de Madrid | Sala Pecera Planta 2 | 17/01/2008 | F-14224-14231 | 1163482 | 23/02/2023 | 23/02/2023 | Libro impreso antiguo |
